00300nam a2200109Ia 450000500170000000800410001710000190005824500670007726000110014430000110015565000240016620260328101440.0260328s9999||||xx |||||||||||||| ||und|| aKluver, Billy  0aPavilion :b Experiments in art and technology /cBilly Kluver bDutton a346 p. aDISEÑO INDUSTRIAL